Concepts in abstract algebra / (Record no. 7433)

MARC details
000 -LEADER
fixed length control field 00892nam a2200289 4500
001 - CONTROL NUMBER
control field 13561011
005 - DATE AND TIME OF LATEST TRANSACTION
control field 20150513153307.0
007 - PHYSICAL DESCRIPTION FIXED FIELD--GENERAL INFORMATION
fixed length control field 000
008 - FIXED-LENGTH DATA ELEMENTS--GENERAL INFORMATION
fixed length control field 000
010 ## - LIBRARY OF CONGRESS CONTROL NUMBER
LC control number 2004105799
020 ## - INTERNATIONAL STANDARD BOOK NUMBER
International Standard Book Number 053442323X
035 ## - SYSTEM CONTROL NUMBER
System control number (DLC) 2004105799
040 ## - CATALOGING SOURCE
Original cataloging agency UOEL
Transcribing agency DLC
Modifying agency DLC
042 ## - AUTHENTICATION CODE
Authentication code pcc
050 00 - LIBRARY OF CONGRESS CALL NUMBER
Classification number QA162
Item number .L36 2005
082 00 - DEWEY DECIMAL CLASSIFICATION NUMBER
Classification number 512/.02
Edition number 22
100 1# - MAIN ENTRY--PERSONAL NAME
Personal name Lanski, Charles,
Dates associated with a name 1943-
245 10 - TITLE STATEMENT
Title Concepts in abstract algebra /
Statement of responsibility, etc Charles Lanski.
260 ## - PUBLICATION, DISTRIBUTION, ETC. (IMPRINT)
Place of publication, distribution, etc Belmont, CA :
Name of publisher, distributor, etc Thomson Brooks/Cole,
Date of publication, distribution, etc c2005.
300 ## - PHYSICAL DESCRIPTION
Extent xiv, 545 p. :
Other physical details ill. ;
Dimensions 25 cm.
440 #4 - SERIES STATEMENT/ADDED ENTRY--TITLE
Title The Brooks/Cole series in advanced mathematics
500 ## - GENERAL NOTE
General note Includes index.
650 #0 - SUBJECT ADDED ENTRY--TOPICAL TERM
Topical term or geographic name as entry element Algebra, Abstract.
General subdivision Mathematics
906 ## - LOCAL DATA ELEMENT F, LDF (RLIN)
a 7
b cbc
c orignew
d 2
e epcn
f 20
g y-gencatlg
942 ## - ADDED ENTRY ELEMENTS (KOHA)
Source of classification or shelving scheme Library of Congress Classification
Item type Loan - Normal on open shelf
Holdings
Withdrawn status Lost status Source of classification or shelving scheme Damaged status Not for loan Home library Current library Shelving location Date acquired Total Checkouts Full call number Barcode Date last seen Copy number Price effective from Koha item type Date last borrowed
    Library of Congress Classification     UOE Main Library UOE Main Library Open shelf 13/05/2015   QA162 .L36 2005 20137223 27/04/2026 20137223 13/05/2015 Loan - Normal on open shelf  
    Library of Congress Classification     UOE Main Library UOE Main Library Open shelf 13/05/2015 3 QA162 .L36 2005 20137222 27/04/2026 20137222 13/05/2015 Loan - Normal on open shelf 02/03/2023
    Library of Congress Classification     UOE Main Library UOE Main Library Open shelf 13/05/2015 2 QA162 .L36 2005 20137221 27/04/2026 20137221 13/05/2015 Loan - Normal on open shelf 28/10/2022
    Library of Congress Classification     UOE Town Campus UOE Town Campus Open shelf 13/05/2015   QA162 .L36 2005 20137220 13/05/2015 20137220 13/05/2015 Loan - Normal on open shelf  
    Library of Congress Classification     UOE Town Campus UOE Town Campus Open shelf 13/05/2015   QA162 .L36 2005 20137219 13/05/2015 20137219 13/05/2015 Loan - Normal on open shelf